000 00879nam a22002297a 4500
999 _c8475
_d8475
003 AR-CdUCM
008 190325b ||||| |||| 00| 0 spa d
040 _aMUNICIPALIDAD PROVINCIAL DEL CUSCO
_cBIBLIOTECA MUNICIPAL DEL CUSCO
082 _a985.008 /
_bC73
110 _aComisión nacional del sesquicentenario de la independencia del Perú
_921855
245 _aLa poesía de la emanciáción /
260 _aLima :
_bComisión nacional del sesquicentenario de la independencia del Perú,
_c1971.
300 _a550 páginas ;
_c24 cm.
440 _aColección documental de la independencia del Perú
_921856
650 _aIndependecia.
_923768
650 _aColección sesquicentenario.
_923769
650 _aPoesía.
_9139
650 _aEmancipación.
_9260
700 _aQuesada Sosa, Aurelio Miro (recopilación y prologo)
_923770
942 _2ddc
_cLIBROS
945 _awfj